Civil engineering design and construct : a guide to intergrating design into the construction process. (Record no. 101174)

MARC details
000 -LEADER
fixed length control field 00735cam a2200253 4500
008 - FIXED-LENGTH DATA ELEMENTS--GENERAL INFORMATION
fixed length control field 000000n2001 000 0 eng u
020 ## - INTERNATIONAL STANDARD BOOK NUMBER
International Standard Book Number 0860175340
035 ## - SYSTEM CONTROL NUMBER
System control number (Sirsi) u110989
050 ## - LIBRARY OF CONGRESS CALL NUMBER
Classification number 624.08
100 ## - MAIN ENTRY--PERSONAL NAME
Personal name Lafford, G.
245 ## - TITLE STATEMENT
Title Civil engineering design and construct : a guide to intergrating design into the construction process.
260 ## - PUBLICATION, DISTRIBUTION, ETC.
Place of publication, distribution, etc. London
Name of publisher, distributor, etc. CIRIA
Date of publication, distribution, etc. 2001
300 ## - PHYSICAL DESCRIPTION
Extent 92p. ; 30cm.
490 ## - SERIES STATEMENT
Series statement CIRIA
Volume/sequential designation 534
650 ## - SUBJECT ADDED ENTRY--TOPICAL TERM
Topical term or geographic name entry element DESIGN AND CONSTRUCT CONTRACTS
650 ## - SUBJECT ADDED ENTRY--TOPICAL TERM
Topical term or geographic name entry element ENGINEERING
650 ## - SUBJECT ADDED ENTRY--TOPICAL TERM
Topical term or geographic name entry element DESIGN
650 ## - SUBJECT ADDED ENTRY--TOPICAL TERM
Topical term or geographic name entry element CONSTRUCTION PROJECTS
650 ## - SUBJECT ADDED ENTRY--TOPICAL TERM
Topical term or geographic name entry element Procurement-old
690 ## - LOCAL SUBJECT ADDED ENTRY--TOPICAL TERM (OCLC, RLIN)
Topical term or geographic name as entry element BUILT ENVIRONMENT-ENGINEERING-CIVIL ENGINEERING
700 ## - ADDED ENTRY--PERSONAL NAME
Personal name Penny, C.
700 ## - ADDED ENTRY--PERSONAL NAME
Personal name O'Hanna, S.
942 ## - ADDED ENTRY ELEMENTS (KOHA)
Suppress in OPAC 0
Holdings
Withdrawn status Lost status Source of classification or shelving scheme Damaged status Not for loan Home library Current library Shelving location Date acquired Total Checkouts Full call number Barcode Date last seen Date last checked out Copy number Price effective from Koha item type Public note
    Dewey Decimal Classification     London London Folio 19/02/2001 2 CIRIA REPORTS 30063611 27/02/2024 03/04/2006 1 06/08/2019 Book Report 534